Une image = une série - Statistiques

Statistiques générales
  • Ce quiz a été pris 269 fois
  • Le résultat moyen est 18 sur 56
Statistiques - réponses
Par images Réponse % Correct
Stranger Things
90%
Squid Game
89%
La casa de papel
86%
Breaking Bad
74%
Mercredi
73%
Elite
71%
Peaky Blinders
69%
Sex Education
65%
The Walking dead
64%
Outer Banks
63%
The 100
62%
Riverdale
61%
Le jeu de la dame
60%
The Crown
53%
Game of Throne
51%
Lucifer
48%
Teen Wolf
45%
Mes premières fois
43%
Prison Break
39%
Ginny & Georgia
38%
Vikings
38%
Cobra Kai
37%
The Vampire Diaries
37%
13 Reason's Why
34%
You
31%
Dahmer
30%
Arcane
26%
The Last Of Us
25%
Euphoria
24%
The Originals
22%
Shameless
21%
The Rain
21%
Orange is the new black
20%
L'été ou je suis devenue jolie
18%
Heartstopper
17%
Insatiable
16%
Legacies
15%
Shadow Hunter
15%
Umbrella Academy
13%
Mortel
12%
Anne with an E
9%
The Witcher
9%
All of us are dead
8%
Fear the walking dead
8%
Ma vie avec les Walter boys
8%
Dynastie
7%
Locke and Key
7%
Qui ment ?
7%
Control z
6%
La chronique des Bridgerton
6%
Surviving Summer
6%
House of the dragon
3%
Pretty Little Liars
3%
I am not okay with this
2%
The act
2%
The end and the fucking world
1%
Aucun quiz correspondant
Distribution des résultats
% des personnes avec chaque résultat
Percentile par nombre de réponses
Votre historique - résultats
Vous n’avez pas pris ce quiz